Analýza nehmotných strategických aktív (variant A, variant B) bakalárska práca

Gespeichert in:
Bibliographische Detailangaben
1. Verfasser: Urbanová, Simona
Körperschaft: Fakulta podnikového manažmentu EU. Katedra manažmentu
Weitere Verfasser: Slávik, Štefan, 1955-
Format: Buch
Sprache:Slowakisch
Veröffentlicht: Bratislava 2011
Tags: Tag hinzufügen
Keine Tags, Fügen Sie das erste Tag hinzu!

MARC

LEADER 00000nbm a2200000 4500
001 0140181
005 20161109111710.4
041 0 |a slo 
044 |a SK 
245 1 0 |a Analýza nehmotných strategických aktív (variant A, variant B)  |b bakalárska práca  |c Simona Urbanová ; školiteľ: Štefan Slávik 
264 1 |a Bratislava  |c 2011 
300 |a 66 s. 
100 1 |a Urbanová, Simona 
700 1 |a Slávik, Štefan, 1955- 
710 2 |a Fakulta podnikového manažmentu EU. Katedra manažmentu